Industrial Performance Swedish Listed Groups 1983-1989

Saved in:
Bibliographic Details
Main Author: Lampola, Jukka
Other Authors: Teppo, Pekka
Format: Book
Language:English
Published: Helsinki School of Economics 1991
Edition:1. ed.
Tags: Add Tag
No Tags, Be the first to tag this record!

MARC

LEADER 00000nam a2200000 4500
001 c029894
005 20221214093805.9
041 0 |a eng 
044 |a FI 
245 1 0 |a Industrial Performance  |b Swedish Listed Groups 1983-1989  |c Jukka Lampola, Pekka Teppo 
250 |a 1. ed. 
264 1 |a Helsinki  |b School of Economics  |c 1991 
300 |a 93 s. 
100 1 |a Lampola, Jukka 
700 1 |a Teppo, Pekka